000 00419nam a2200169Ia 4500
008 230711s9999||||xx |||||||||||||| ||und||
020 _a978-93-834-1921-0
041 _aENG
082 _a720
_bCH-H
100 _aChoudhary, Priya
245 0 _aHumane Approach to Urban Planning
250 _a1st Ed.
260 _c2015
_aGhaziabad
_bCopal Publishing Group
300 _a189p.
650 _aArchitecture
942 _cBK
999 _c6875
_d6875